LEADER 01206nas 2200409 c 450 001 996204197503316 005 20181112213536.0 035 $a(CKB)1000000000532717 035 $a(DE-599)ZDB2088963-X 035 $a(OCoLC)163142803 035 $a(OCoLC)645581642 035 $a(DE-101)023899638 035 $a(EXLCZ)991000000000532717 100 $a20020918a20039999 |y | 101 0 $ager 135 $aur||||||||||| 181 $ctxt$2rdacontent 182 $cc$2rdamedia 183 $acr$2rdacarrier 200 00$aE[LAA]N$eMagazin fu?r Lehramtsanwa?rter/innen ; Magazin fu?r Referendare/innen$fVerband Bildung und Erziehung, Landesverband Nordrhein-Westfalen 210 31$a[S.l.]$d2003- 215 $aOnline-Ressource 300 $aFru?here Jahrga?nge online nicht mehr verfu?gbar 300 $aGesehen am 09.11.2016 517 3 $aElaan 608 $aZeitschrift$2gnd-content 676 $a330 676 $a360 676 $a370 712 02$aVerband Bildung und Erziehung$bLandesverband Nordrhein-Westfalen$4isb 801 0$b3238 801 1$bDE-101 801 2$b9999 906 $aJOURNAL 912 $a996204197503316 996 $aEN$92136838 997 $aUNISA LEADER 01923oam 2200541I 450 001 9910706515603321 005 20241021233608.0 035 $a(CKB)5470000002457295 035 $a(OCoLC)892425394 035 $a(OCoLC)995470000002457295 035 $a(EXLCZ)995470000002457295 100 $a20141006d1964 ua 0 101 0 $aeng 135 $aurmn||||||||| 181 $ctxt$2rdacontent 182 $cc$2rdamedia 183 $acr$2rdacarrier 200 10$aData of geochemistry$hChapter L$ePhase-equilibrium relations of the common rock-forming oxides except water /$fGeorge W. Morey 205 $a6th ed. /$bMichael Fleischer, technical editor. 210 1$aWashington :$cUnited States Department of the Interior, Geological Survey,$d1964. 215 $a1 online resource (ix, L159 pages) $cillustrations 225 1 $aGeological Survey professional paper ;$v440-L 300 $aTitle from title screen (viewed September 30, 2014). 300 $a"A discussion of the melting relations of the common rock-forming oxides and the binary, ternary, quaternary, and quinary systems formed by them." 320 $aIncludes bibliographical references (pages L152-L158) and index. 517 $aData of geochemistry 606 $aGeochemistry 606 $aOxide minerals 606 $aRocks$xAnalysis 606 $aGeochemistry$2fast 606 $aRocks$xAnalysis$2fast 615 0$aGeochemistry. 615 0$aOxide minerals. 615 0$aRocks$xAnalysis. 615 7$aGeochemistry. 615 7$aRocks$xAnalysis. 700 $aMorey$b G. W$g(George Washington),$f1888-1965,$01398015 702 $aFleischer$b Michael$f1908-1998, 712 02$aGeological Survey (U.S.), 801 0$bCOP 801 1$bCOP 801 2$bOCLCO 801 2$bOCLCF 801 2$bGPO 906 $aBOOK 912 $a9910706515603321 996 $aData of geochemistry$93460513 997 $aUNINA